[Event "Montreal Transcontinental ABCDEF"]
[Site "Montreal"]
[Date "2017.04.02"]
[Round "5"]
[White "Chira, Dan"]
[Black "Bergeron, Jean Guy"]
[Result "1-0"]
[WhiteElo "1424"]
[BlackElo "1451"]
[PlyCount "129"]
[EventDate "2017.03.31"]
[EventType "swiss"]
[EventRounds "5"]
[EventCountry "CAN"]
[SourceTitle "EXT 2022"]
[Source "ChessBase"]
[SourceDate "2021.10.06"]
[SourceVersion "1"]
[SourceVersionDate "2021.10.06"]
[SourceQuality "1"]

1. d4 g6 2. Bf4 Bg7 3. e3 c5 4. Nf3 cxd4 5. exd4 Nf6 6. Nc3 0-0 7. Qc1 Re8 8. Bc4 d5 9. Bd3 Nh5 10. Bh6 Bh8 11. Bg5 f6 12. Be3 e5 13. Be2 e4 14. Nd2 Ng7 15. Nb3 Ne6 16. Qd2 f5 17. 0-0-0 Nc6 18. Rhe1 a5 19. Bb5 Nc7 20. Ba4 Rf8 21. Bh6 Rf7 22. f3 Qh4 23. g3 Qh3 24. Rf1 Be6 25. Nc5 Nxd4 26. fxe4 fxe4 27. Rxf7 Bxf7 28. Bf4 Nf3 29. Qf2 Be5 30. Bxe5 Nxe5 31. Nxb7 Qh6+ 32. Kb1 Nc4 33. Bb3 Ra7 34. Nc5 Ra8 35. Bxc4 dxc4 36. Rd7 e3 37. Qf4 Qg7 38. Qxe3 Re8 39. Qxe8+ Bxe8 40. Rxg7+ Kxg7 41. N3e4 Bc6 42. c3 Kf8 43. Kc2 Ke7 44. Kd2 a4 45. a3 Bd5 46. Ke3 Bc6 47. Kd4 Bb5 48. Ng5 h6 49. Nge4 Bc6 50. Kxc4 Bxe4 51. Nxe4 Ke6 52. Kd4 g5 53. g4 Kd7 54. Nc5+ Kd6 55. Nxa4 Ke6 56. c4 Kd6 57. b4 h5 58. gxh5 g4 59. h6 g3 60. hxg3 Na6 61. h7 Kd7 62. h8Q Ke7 63. Kd5 Kd7 64. Qg7+ Kc8 65. Nc5 1-0

[Event "Montreal Pere Noel U1800"]
[Site "Montreal"]
[Date "2016.12.30"]
[Round "5.29"]
[White "Bergeron, Jean Guy"]
[Black "Liu, Kevin1"]
[Result "0-1"]
[WhiteElo "1518"]
[BlackElo "1373"]
[PlyCount "30"]
[EventDate "2016.12.26"]
[EventType "swiss"]
[EventRounds "5"]
[EventCountry "CAN"]
[SourceTitle "EXT 2022"]
[Source "ChessBase"]
[SourceDate "2021.10.06"]
[SourceVersion "1"]
[SourceVersionDate "2021.10.06"]
[SourceQuality "1"]

1. c4 c5 2. Nf3 Nc6 3. d4 cxd4 4. Nxd4 g6 5. e4 Bg7 6. Be3 Nf6 7. Nxc6 bxc6 8. e5 Qa5+ 9. Nc3 Qxe5 10. Qf3 0-0 11. 0-0-0 Qc7 12. Nb5 Qb7 13. Nd4 Rb8 14. Nb3 d6 15. g4 Bxg4 0-1

[Event "Quebec op U1700"]
[Site "Montreal"]
[Date "2016.07.29"]
[Round "8.65"]
[White "Bergeron, Jean Guy"]
[Black "Nanescu, Marin"]
[Result "0-1"]
[WhiteElo "1453"]
[BlackElo "1403"]
[PlyCount "78"]
[EventDate "2016.07.23"]
[EventType "swiss"]
[EventRounds "8"]
[EventCountry "CAN"]
[SourceTitle "EXT 2022"]
[Source "ChessBase"]
[SourceDate "2021.10.06"]
[SourceVersion "1"]
[SourceVersionDate "2021.10.06"]
[SourceQuality "1"]

1. c4 c5 2. Nf3 Nc6 3. d4 cxd4 4. Nxd4 Nxd4 5. Qxd4 Nf6 6. e4 d6 7. Nc3 g6 8. Bf4 Bg7 9. Qd2 0-0 10. Bh6 Be6 11. Bxg7 Kxg7 12. Bd3 Qc7 13. Nd5 Qd7 14. Nxf6 exf6 15. 0-0 Rac8 16. b3 h5 17. Rad1 Rh8 18. Be2 Rhd8 19. Qb2 Qe7 20. f4 Bd7 21. Bf3 Bc6 22. Rfe1 Rh8 23. e5 dxe5 24. Bxc6 Rxc6 25. fxe5 Re6 26. exf6+ Qxf6 27. Qd2 Rxe1+ 28. Rxe1 Rd8 29. Qe2 Qd4+ 30. Kf1 Rd6 31. Qe5+ Qxe5 32. Rxe5 Kf6 33. Re2 Rd7 34. Rc2 Ke5 35. c5 Ke6 36. b4 Rd4 37. a3 a5 38. Rb2 axb4 39. axb4 Kd5 0-1

[Event "Quebec op U1700"]
[Site "Montreal"]
[Date "2016.07.27"]
[Round "6.60"]
[White "Stoyanova, Stela"]
[Black "Bergeron, Jean Guy"]
[Result "1-0"]
[WhiteElo "1474"]
[BlackElo "1453"]
[PlyCount "68"]
[EventDate "2016.07.23"]
[EventType "swiss"]
[EventRounds "8"]
[EventCountry "CAN"]
[SourceTitle "EXT 2022"]
[Source "ChessBase"]
[SourceDate "2021.10.06"]
[SourceVersion "1"]
[SourceVersionDate "2021.10.06"]
[SourceQuality "1"]

1. e4 Nc6 2. Nf3 d5 3. exd5 Qxd5 4. Nc3 Qh5 5. d4 Bg4 6. Be2 0-0-0 7. Be3 e5 8. Ng5 Nh6 9. Bxg4+ Nxg4 10. Nxf7 Rd7 11. Nxh8 exd4 12. Qf3 dxe3 13. fxe3 Bc5 14. Rd1 Nce5 15. Qe2 Bxe3 16. Rxd7 Nxd7 17. Rf1 Ndf6 18. Qf3 Qh4+ 19. Qg3 Qg5 20. Nf7 Qg6 21. h3 Qxc2 22. Nd6+ Kd7 23. Rxf6 Qd2+ 24. Kf1 Nh2+ 25. Qxh2 gxf6 26. Nde4 Qd3+ 27. Ke1 Bc1 28. g4 Qe3+ 29. Qe2 Qg1+ 30. Qf1 Qe3+ 31. Kd1 Bxb2 32. Kc2 Qb6 33. Qd1+ Kc8 34. Qb1 Qa5 1-0

[Event "Quebec-ch Senior"]
[Site "Montreal"]
[Date "2016.04.22"]
[Round "1.8"]
[White "Bergeron, Jean Guy"]
[Black "Jean, Robert"]
[Result "0-1"]
[WhiteElo "1431"]
[BlackElo "1699"]
[PlyCount "82"]
[EventDate "2016.04.22"]
[EventType "swiss"]
[EventRounds "5"]
[EventCountry "CAN"]
[SourceTitle "EXT 2022"]
[Source "ChessBase"]
[SourceDate "2021.10.06"]
[SourceVersion "1"]
[SourceVersionDate "2021.10.06"]
[SourceQuality "1"]

1. c4 e6 2. e4 d5 3. e5 d4 4. Nf3 c5 5. Bd3 Nc6 6. Qa4 Bd7 7. Qb3 Qc7 8. 0-0 g6 9. Na3 a6 10. Be4 Bg7 11. Ng5 h6 12. Nxf7 Kxf7 13. Qf3+ Ke7 14. Bxg6 Rf8 15. Qh5 Bxe5 16. d3 Nf6 17. Qh4 Kd8 18. f4 Bd6 19. f5 e5 20. g4 Kc8 21. g5 hxg5 22. Qxg5 Be7 23. Qg2 Nb4 24. Qe2 Bc6 25. Bg5 Rh3 26. Bxf6 Bxf6 27. Rad1 Rfh8 28. Rd2 b6 29. b3 Bb7 30. Rf2 Qc6 31. Qe4 Qxe4 32. dxe4 Bxe4 33. Kf1 Bc6 34. Bf7 e4 35. Be6+ Kc7 36. Rfe2 d3 37. Rg2 e3 38. Nb5+ axb5 39. cxb5 Bxg2+ 40. Rxg2 e2+ 41. Ke1 Bc3+ 0-1

[Event "Montreal CC-ch"]
[Site "Montreal"]
[Date "2015.06.13"]
[Round "3"]
[White "Bergeron, Jean Guy"]
[Black "Morin, Louis"]
[Result "0-1"]
[WhiteElo "1430"]
[BlackElo "1917"]
[PlyCount "102"]
[EventDate "2015.06.12"]
[EventType "swiss"]
[EventRounds "5"]
[EventCountry "CAN"]
[SourceTitle "EXT 2019"]
[Source "ChessBase"]
[SourceDate "2018.10.10"]
[SourceVersion "1"]
[SourceVersionDate "2018.10.10"]
[SourceQuality "1"]

1. c4 d5 2. cxd5 c6 3. d4 cxd5 4. Nc3 Nf6 5. Qc2 Nc6 6. e3 g6 7. Bb5 Bf5 8. Qa4 Qc7 9. Nf3 Bg7 10. Ne5 Bd7 11. Nxd7 Qxd7 12. Qd1 0-0 13. Qf3 e6 14. b3 Qd6 15. 0-0 Rac8 16. Nb1 Ne4 17. Ba3 Nb4 18. Bd3 f5 19. Bxe4 fxe4 20. Qg4 a5 21. Nd2 Rc2 22. Nxe4 dxe4 23. Bxb4 axb4 24. Qxe4 Qc6 25. Qg4 Ra8 26. h4 Raxa2 27. h5 gxh5 28. Qg5 Rxa1 29. Qd8+ Kf7 30. Rxa1 Rc1+ 31. Rxc1 Qxc1+ 32. Kh2 Qc6 33. Qg5 Qd5 34. Qf4+ Ke8 35. Qb8+ Kd7 36. Qg8 Bf6 37. Qxh7+ Be7 38. Qd3 Qc6 39. e4 Kc8 40. d5 Bd6+ 41. g3 exd5 42. exd5 Qd7 43. Qg6 h4 44. Qh5 hxg3+ 45. fxg3 Qg7 46. Qe8+ Kc7 47. Qe3 Qc3 48. Qg5 Qxb3 49. Qg7+ Kb6 50. Qd4+ Kb5 51. Qg7 Qxg3+ 0-1

[Event "Gatineau op-B"]
[Site "Gatineau"]
[Date "2015.03.??"]
[Round "5"]
[White "Bergeron, Jean Guy"]
[Black "Arsenault, Yves"]
[Result "0-1"]
[WhiteElo "1452"]
[BlackElo "1603"]
[PlyCount "190"]
[EventDate "2015.03.07"]
[EventType "swiss"]
[EventRounds "5"]
[EventCountry "CAN"]
[SourceTitle "EXT 2016"]
[Source "ChessBase"]
[SourceDate "2015.10.08"]
[SourceVersion "1"]
[SourceVersionDate "2015.10.08"]
[SourceQuality "1"]

1. c4 e5 2. g3 Nf6 3. Bg2 Bc5 4. Nf3 Nc6 5. Nc3 0-0 6. Nxe5 Bxf2+ 7. Kxf2 Nxe5 8. b3 Nfg4+ 9. Kg1 Qf6 10. Qf1 Qb6+ 11. e3 f5 12. Nd5 Qd6 13. d4 Nf7 14. c5 Qa6 15. Nxc7 Qxf1+ 16. Bxf1 Rb8 17. h3 Nf6 18. Bg2 Ne4 19. Kh2 d6 20. b4 Rd8 21. Nd5 Be6 22. Nf4 Bd7 23. Bb2 b6 24. Bxe4 fxe4 25. cxd6 Nxd6 26. d5 Nc4 27. Bd4 Nd2 28. Kg2 Bb5 29. Be5 Rbc8 30. Rac1 Nc4 31. Bxg7 Nxe3+ 32. Kf2 Rxc1 33. Rxc1 Nxd5 34. Bh6 e3+ 35. Ke1 Nxb4 36. a3 Nc6 37. Ne6 Rd6 38. Nc7 Rxh6 39. Nxb5 a6 40. Nc7 Ne5 41. Rc3 Nf3+ 42. Ke2 Ng1+ 43. Kxe3 Nxh3 44. Nxa6 Rd6 45. Nb4 Ng5 46. Nd3 Ne6 47. Rb3 Nd4 48. Rc3 Nf5+ 49. Kf3 Nd4+ 50. Ke3 Nc6 51. Nb4 Ne7 52. Kf3 Rg6 53. Kg2 h5 54. Nc2 Nf5 55. Ne1 h4 56. Kg1 Nxg3 57. Rc8+ Kh7 58. Kh2 Re6 59. Kh3 Rxe1 60. Kxh4 Nf5+ 61. Kg4 Ng7 62. Rb8 Re6 63. Kf4 Kg6 64. Kf3 Nf5 65. Rg8+ Kf7 66. Rg5 Kf6 67. Rg8 Nd4+ 68. Kf4 Kf7 69. Rg5 Rd6 70. Ke4 Kf6 71. Rh5 Ne6 72. Ke3 Kg6 73. Rb5 Nc5 74. Ke2 Ne4 75. Ke3 Nc3 76. Rb3 Nd5+ 77. Ke4 Kf6 78. Rf3+ Ke7 79. Rb3 Nf6+ 80. Kf4 Kd7 81. Ke5 Re6+ 82. Kf5 Ne4 83. Rd3+ Ke7 84. Rb3 Nc5 85. Rb5 Kd7 86. Rb4 Kc6 87. Rc4 Rd6 88. Ke5 Rd5+ 89. Kf6 b5 90. Rc3 Kb6 91. Re3 Ka5 92. Rh3 Ka4 93. Rc3 Nb3 94. Ke6 Rd1 95. Rh3 Kxa3 0-1

[Event "Gatineau TORO U1500"]
[Site "Gatineau"]
[Date "2013.06.07"]
[Round "1"]
[White "Bergeron, Jean Guy"]
[Black "Traversy, Pierre"]
[Result "1-0"]
[WhiteElo "1428"]
[BlackElo "1184"]
[PlyCount "65"]
[EventDate "2013.06.07"]
[EventType "swiss"]
[EventRounds "5"]
[EventCountry "CAN"]
[SourceTitle "EXT 2022"]
[Source "ChessBase"]
[SourceDate "2021.10.06"]
[SourceVersion "1"]
[SourceVersionDate "2021.10.06"]
[SourceQuality "1"]

1. c4 e5 2. g3 Nf6 3. Bg2 Nc6 4. Nf3 h6 5. 0-0 d6 6. Nc3 b6 7. Nxe5 Nxe5 8. Bxa8 c6 9. Qa4 Qc7 10. Nd5 Nxd5 11. cxd5 b5 12. Qe4 Be7 13. Bxc6+ Nxc6 14. dxc6 Bh3 15. Re1 0-0 16. d4 d5 17. Qxd5 Bd6 18. Qh5 Be6 19. d5 Bc8 20. a3 Re8 21. e4 Re5 22. Qf3 f5 23. Bf4 fxe4 24. Rxe4 Qf7 25. Rxe5 Bxe5 26. Rd1 g5 27. d6 Bxd6 28. Rxd6 gxf4 29. Rd8+ Kg7 30. Rxc8 h5 31. Qxf4 Qd5 32. Rc7+ Kg6 33. Qf7+ 1-0

[Event "Montreal Pere Noel U1800"]
[Site "Montreal"]
[Date "2012.12.26"]
[Round "1.27"]
[White "Rodrigue Lemieux, Shawn"]
[Black "Bergeron, Jean Guy"]
[Result "1-0"]
[WhiteElo "1261"]
[BlackElo "1557"]
[PlyCount "71"]
[EventDate "2012.12.26"]
[EventType "swiss"]
[EventRounds "5"]
[EventCountry "CAN"]
[SourceTitle "EXT 2022"]
[Source "ChessBase"]
[SourceDate "2021.10.06"]
[SourceVersion "1"]
[SourceVersionDate "2021.10.06"]
[SourceQuality "1"]

1. e4 Nc6 2. d4 e5 3. Nf3 exd4 4. Bc4 Bb4+ 5. Bd2 Nf6 6. Bxb4 Nxb4 7. e5 Qe7 8. a3 Nc6 9. 0-0 Ng4 10. Re1 0-0 11. h3 Ngxe5 12. Nxe5 Nxe5 13. f4 Qc5 14. Rxe5 Qxc4 15. Nd2 Qc6 16. Nf3 Qf6 17. g3 d6 18. Rh5 c5 19. Ng5 h6 20. Ne4 Qg6 21. Qf3 f5 22. Nd2 Re8 23. Rh4 Re3 24. Qd5+ Kh7 25. Nf1 Rxg3+ 26. Kf2 Rg2+ 27. Qxg2 Qf7 28. Nd2 Be6 29. Nf3 Kh8 30. Ng5 Qe7 31. Re1 Kg8 32. Rxe6 Qd8 33. Rexh6 gxh6 34. Ne6+ Kf7 35. Nxd8+ Rxd8 36. Qxb7+ 1-0

[Event "Montreal Mercredi 11"]
[Site "Montreal"]
[Date "2011.12.07"]
[Round "4"]
[White "Mestre, Evick"]
[Black "Bergeron, Jean Guy"]
[Result "0-1"]
[WhiteElo "1553"]
[BlackElo "1460"]
[PlyCount "34"]
[EventDate "2011.11.16"]
[EventType "swiss"]
[EventRounds "5"]
[EventCountry "CAN"]
[SourceTitle "EXT 2022"]
[Source "ChessBase"]
[SourceDate "2021.10.06"]
[SourceVersion "1"]
[SourceVersionDate "2021.10.06"]
[SourceQuality "1"]

1. d4 Nc6 2. c4 e5 3. d5 Nce7 4. e4 Ng6 5. Nc3 Bc5 6. a3 a5 7. Nf3 d6 8. Be2 Nf6 9. 0-0 0-0 10. Bd3 Bg4 11. h3 Bd7 12. Ne2 Nh5 13. Kh2 Nh4 14. Ng3 Nf4 15. Nxh4 Qxh4 16. Bxf4 exf4 17. Qh5 fxg3+ 0-1

[Event "Montreal Automne Specialiste"]
[Site "Montreal"]
[Date "1986.10.05"]
[Round "2"]
[White "Charest, Johanne"]
[Black "Bergeron, Jean Guy"]
[Result "0-1"]
[WhiteElo "1378"]
[BlackElo "1341"]
[PlyCount "102"]
[EventDate "1986.10.04"]
[EventType "swiss"]
[EventRounds "5"]
[EventCountry "CAN"]
[SourceTitle "EXT 2022"]
[Source "ChessBase"]
[SourceDate "2021.10.06"]
[SourceVersion "1"]
[SourceVersionDate "2021.10.06"]
[SourceQuality "1"]

1. d4 Nf6 2. c4 g6 3. Nc3 Bg7 4. Nf3 0-0 5. e3 d5 6. cxd5 Nxd5 7. Bd2 Bg4 8. Be2 Nc6 9. 0-0 e5 10. Nxe5 Bxe2 11. Nxc6 Bxd1 12. Nxd8 Nxc3 13. Bxc3 Be2 14. Bb4 Rfxd8 15. Rfe1 Bg4 16. Rec1 c6 17. Be7 Rd7 18. Bc5 b6 19. Bb4 c5 20. Bc3 cxd4 21. exd4 Bxd4 22. Bxd4 Rxd4 23. h3 Be2 24. Re1 Rd2 25. b3 Rc8 26. Kh2 Rcc2 27. a3 Ba6 28. Kg3 Rxf2 29. Rad1 Bb7 30. Re8+ Kg7 31. h4 Bxg2 32. Rde1 Bc6 33. Kg4 Rg2+ 34. Kf4 Rgf2+ 35. Ke3 Bxe8 36. b4 Bb5 37. Kd4 Rcd2+ 38. Ke3 Rfe2+ 39. Rxe2 Rxe2+ 40. Kf3 Re5 41. Kf4 Kf6 42. Kg4 Bd7+ 43. Kf4 h5 44. Kg3 Kf5 45. Kf3 Bc6+ 46. Kg3 Re3+ 47. Kf2 Kf4 48. Kf1 Kf3 49. Kg1 Re2 50. Kh1 Kg3+ 51. Kg1 Re1# 0-1